header

The origins of meaning (Record no. 114635)

MARC details
000 -LEADER
fixed length control field 01287nam a2200337Ia 4500
082 04 - DEWEY DECIMAL CLASSIFICATION NUMBER
Classification number 401.43
100 1# - MAIN ENTRY--AUTHOR NAME
Personal name Hurford, James R.
245 14 - TITLE STATEMENT
Title The origins of meaning
260 ## - PUBLICATION, DISTRIBUTION, ETC. (IMPRINT)
Place of publication Oxford :
Name of publisher Oxford University Press,
Year of publication 2007.
300 ## - PHYSICAL DESCRIPTION
Number of Pages xiii, 388 p. :
Other physical details ill.
490 1# - SERIES STATEMENT
Series statement Language in the light of evolution ;
650 #0 - SUBJECT ADDED ENTRY--TOPICAL TERM
Topical Term Semantics
Topical Term Communication.
Topical Term Evolution.
856 40 - ELECTRONIC LOCATION AND ACCESS
Uniform Resource Identifier http://site.ebrary.com/lib/rucke/Doc?id=10194238

No items available.

© 2026 Rongo University
Contact us: librarian | system librarian | Rongo university